Daniels on TV Quiz Stats

 Plays Quiz not verified by Sporcle

Score 0/20 Timer 04:00
0 Plays Today
% Correct
Dan Conner
92.8%
Danny Tanner
87.7%
Danny Partridge
86%
Dan Fielding
80.5%
Danny Williams
80.1%
Daniel Desario
72.6%
Daniel Faraday
68.2%
Dan Egan
63.7%
Danny Williams
62.3%
Dan Humphrey
59.9%
% Correct
Daniel Jackson
58.9%
Danny Reagan
56.8%
Danny McCoy
55.5%
Daniel Castellano
55.1%
Danny Messer
53.1%
Daniel Salazar
46.2%
D.L. Hawkins
44.9%
Daniel Meade
44.2%
Daniel Grayson
40.8%
Dan Scott
34.2%

You're not logged in!

Compare scores with friends on all Sporcle quizzes.
OR
Log In

Show Comments

Extras

Top Quizzes Today


Score Distribution

Your Account Isn't Verified!

In order to create a playlist on Sporcle, you need to verify the email address you used during registration. Go to your Sporcle Settings to finish the process.

Report this User

Report this user for behavior that violates our Community Guidelines.

Details: